El arte en la carpintería / (Record no. 108015)

MARC details
000 -LEADER
campo de control de longitud fija 00863nam a2200229 i 4500
001 - NÚMERO DE CONTROL
campo de control 108015
003 - IDENTIFICADOR DE NÚMERO DE CONTROL
campo de control ES-MaACL
005 - FECHA Y HORA DE LA ÚLTIMA TRANSACCIÓN
campo de control 20250816090436.0
007 - CAMPO FIJO DE DESCRIPCIÓN FÍSICA--INFORMACIÓN GENERAL
campo de control de longitud fija t|
008 - DATOS DE LONGITUD FIJA--INFORMACIÓN GENERAL
campo de control de longitud fija 070110s1942 sp ||||1| spa d
080 ## - NÚMERO DE LA CLASIFICACIÓN DECIMAL UNIVERSAL
Número de la Clasificación Decimal Universal 745.51
100 1# - ENTRADA PRINCIPAL--NOMBRE DE PERSONA
Nombre de persona Iñiguez Almech, Francisco.
9 (RLIN) 65371
245 13 - MENCIÓN DEL TÍTULO
Título El arte en la carpintería /
Mención de responsabilidad, etc. por Francisco Íñiguez Almech.
260 ## - PUBLICACIÓN, DISTRIBUCIÓN, ETC.
Lugar de publicación, distribución, etc. Madrid :
Nombre del editor, distribuidor, etc. Publicaciones de la Escuela de Artes y Oficios Artísticos de Madrid,
Fecha de publicación, distribución, etc. 1942.
300 ## - DESCRIPCIÓN FÍSICA
Extensión 34 p., 3 lám. ;
Dimensiones 20 cm.
490 1# - MENCIÓN DE SERIE
Mención de serie Publicaciones de la Escuela de Artes y Oficios Artísticos de Madrid ;
Designación de volumen o secuencia 12
650 17 - PUNTO DE ACCESO ADICIONAL DE MATERIA--TÉRMINO DE MATERIA
Término de materia o nombre geográfico como elemento de entrada Carpintería
Fuente del encabezamiento o término embne
9 (RLIN) 10790
710 2# - ENTRADA AGREGADA--NOMBRE DE ENTIDAD CORPORATIVA
Nombre de entidad corporativa o nombre de jurisdicción como elemento de entrada Escuela de Artes y Oficios Artísticos (Madrid)
9 (RLIN) 3524
830 1# - PUNTO DE ACCESO ADICIONAL DE SERIE-TÍTULO UNIFORME
Título uniforme Publicaciones de la Escuela de Artes y Oficios Artísticos de Madrid ;
Designación de volumen o secuencia 12
9 (RLIN) 185495
852 ## - LOCALIZACIÓN
Ubicación ES-MaACL
Número de control de estantería E-4422
Holdings
Estatus retirado Estado de pérdida Estado de daño No para préstamo Biblioteca de origen Biblioteca actual Ubicación en estantería Fecha de adquisición Fuente de adquisición Total de préstamos Signatura topográfica completa Código de barras Visto por última vez Precio de reemplazo Tipo de ítem Koha
        Biblioteca del Ateneo de Madrid Biblioteca del Ateneo de Madrid Depósito 2 17/01/2008     E-4422 1112720 23/02/2023 23/02/2023 Libro impreso